Making globalization happen: (Record no. 1428968)

MARC details
000 -LEADER
fixed length control field 03013nam a22003615i 4500
001 - CONTROL NUMBER
control field 23327741
005 - DATE AND TIME OF LATEST TRANSACTION
control field 20250521154502.0
008 - FIXED-LENGTH DATA ELEMENTS--GENERAL INFORMATION
fixed length control field 230925s2023 nyu 000 0 eng
010 ## - LIBRARY OF CONGRESS CONTROL NUMBER
LC control number 2023947338
020 ## - INTERNATIONAL STANDARD BOOK NUMBER
International Standard Book Number 9780198903154
037 ## - SOURCE OF ACQUISITION
Terms of availability TB
040 ## - CATALOGING SOURCE
Original cataloging agency CRL
Language of cataloging eng
Description conventions rda
Transcribing agency CRL
041 ## - LANGUAGE CODE
Source of code eng
Language code of text/sound track or separate title eng
042 ## - AUTHENTICATION CODE
Authentication code pcc
084 ## - COLON CLASSIFICATION NUMBER
Classification number X:89ZB.1 R4
Assigning agency CRL
100 1# - MAIN ENTRY--PERSONAL NAME
Personal name Sripati, Vijayashri,
Relator term author.
9 (RLIN) 809249
245 10 - TITLE STATEMENT
Title Making globalization happen:
Remainder of title the untold story of power, profits, privilege
260 ## - PUBLICATION, DISTRIBUTION, ETC.
Place of publication, distribution, etc. New York, USA :
Name of publisher, distributor, etc. Oxford University Press,
Date of publication, distribution, etc. 2023.
263 ## - PROJECTED PUBLICATION DATE
Projected publication date 2310
264 #1 - PRODUCTION, PUBLICATION, DISTRIBUTION, MANUFACTURE, AND COPYRIGHT NOTICE
Date of production, publication, distribution, manufacture, or copyright notice 2023.
300 ## - PHYSICAL DESCRIPTION
Extent xxviii, 536p. cm
336 ## - CONTENT TYPE
Content type term text
Content type code txt
Source rdacontent
337 ## - MEDIA TYPE
Media type term unmediated
Media type code n
Source rdamedia
338 ## - CARRIER TYPE
Carrier type term volume
Carrier type code nc
Source rdacarrier
365 ## - TRADE PRICE
Price amount 1595.00
Currency code INR
520 ## - SUMMARY, ETC.
Summary, etc. "This chapter demonstrates that Constitutional globalisation (Globalisation with a capital G) has emerged as a distinct field of policy analysis. Yet, because the classical liberal constitution's (Constitution) salience is not widely known, its globalisation in a world of sovereign states - in the post-colonial/post-Soviet era has escaped attention. Appraising Globalisation's legitimacy and impact therefore requires first fully understanding the Constitution's salience and noting who, when, and for what purposes made it go global. Current analyses of globalisation are incomplete or incorrect because they all consistently and wholly overlook the Constitution's catalyzing role or simplify the purposes served by economic globalization in ways that diminish the Constitution's importance. Accordingly, an international constitutional law or constitutional political economy lens is indispensable to exploring Globalisation no matter what our perspective is, mainstream or Third World. This chapter sets out the mission for the book: to provide the politico-economic globalisation discourse with its missing parental foundation from a Third World Approaches to International Constitutional Law (TWAIL-CL) perspective. Toward this end, this chapter establishes the Constitution's salience and outlines its centrality to liberalism, neoliberalism, militarism, and colonialism, post-1989 UN Peacebuilding, the post-World War II's human rights regime and achieving the World Bank's policies (e.g., privatisation). This discussion sets the stage for exploring comprehensively how Globalisation has shaped the Security Council's functions and international law concepts of peace, justice, and human rights. In this way, this book simultaneously lays the foundation for Global Studies, a field that emerged from economic globalisation, starting from this chapter"--
Assigning source Provided by publisher.
650 ## - SUBJECT ADDED ENTRY--TOPICAL TERM
Topical term or geographic name entry element Economics
650 ## - SUBJECT ADDED ENTRY--TOPICAL TERM
Topical term or geographic name entry element Development
9 (RLIN) 809250
906 ## - LOCAL DATA ELEMENT F, LDF (RLIN)
a 0
b ibc
c orignew
d 2
e epcn
f 20
g y-gencatlg
942 ## - ADDED ENTRY ELEMENTS (KOHA)
Source of classification or shelving scheme Colon Classification (CC)
Koha item type Textbook
Edition X:89ZB.1 R4
Suppress in OPAC No
Holdings
Withdrawn status Lost status Source of classification or shelving scheme Damaged status Not for loan Home library Current library Date acquired Source of acquisition Cost, normal purchase price Inventory number Total Checkouts Full call number Barcode Date last seen Price effective from Koha item type
    Colon Classification (CC)     Central Library Central Library 2025-05-21 Classic Book Service 1595.00 167 & 2024-12-11   X:89ZB.1 R4 CL1681984 2025-05-21 2025-05-21 Textbook
Copyright @ Delhi University Library System